| 000 | 00568 a2200193 4500 | ||
|---|---|---|---|
| 020 | _a8129702320 | ||
| 040 |
_aDLC _bDLC |
||
| 082 | 0 | 0 | _a005.446 |
| 100 | 1 | _aPerry, Greg M. | |
| 245 | 1 | 0 |
_aSams teach yourself Windows XP computer basics _cGreg Perry, Jill T. Freeze ... [et al.]. |
| 260 |
_aNew Delhi : _bPearson _cc2003. |
||
| 300 |
_axxiii, 735 p. : _bill. ; _c23 cm. |
||
| 490 | 1 | _aAll-in-one | |
| 500 | _aIncludes index. | ||
| 650 | 0 | _aOperating systems (Computers) | |
| 700 | 1 | _aFreeze, Jill T. | |
| 830 | 0 | _aAll-in-one (Series) | |
| 942 |
_cBK _k005.446 PER _2ddc |
||
| 999 |
_c6254 _d6254 |
||